[Event "Brighton e2e4 Major-A"]
[Site "Brighton"]
[Date "2012.02.16"]
[Round "3"]
[White "Kalai, Yalahan Akshaya"]
[Black "Payne, Matthew"]
[Result "0-1"]
[WhiteElo "1632"]
[BlackElo "1891"]
[PlyCount "96"]
[EventDate "2012.02.15"]
[EventType "swiss"]
[EventRounds "9"]
[EventCountry "ENG"]
[SourceTitle "EXT 2014"]
[Source "ChessBase"]
[SourceDate "2013.11.20"]
[SourceVersion "1"]
[SourceVersionDate "2013.11.20"]
[SourceQuality "1"]

1. c4 Nf6 2. Nc3 g6 3. g3 Bg7 4. Bg2 d6 5. e4 0-0 6. Nge2 e5 7. 0-0 Nc6 8. d3 Nd4 9. Nxd4 exd4 10. Ne2 Nd7 11. Bf4 a5 12. a3 Nc5 13. Rb1 a4 14. Qd2 c6 15. Rfd1 Be6 16. Qc2 b5 17. Nc1 Qd7 18. Re1 f6 19. h4 Rfd8 20. Kh2 Qf7 21. cxb5 cxb5 22. Bxd6 Rac8 23. Bxc5 Bb3 24. Nxb3 axb3 25. Qd2 Rxc5 26. Rbc1 Rdc8 27. Rxc5 Rxc5 28. Qb4 Rc2 29. Qxd4 Bf8 30. Rb1 Bc5 31. Qd8+ Kg7 32. d4 Rd2 33. Qa5 Rxd4 34. Qxb5 Bd6 35. Qe2 Qc7 36. Qe3 Qc4 37. Bf1 Qa4 38. Bb5 Qa7 39. Rd1 Bc5 40. Rxd4 Bxd4 41. Qxb3 Bxf2 42. Qd5 Bg1+ 43. Kh3 Qf2 44. Qd7+ Kh6 45. Qf7 Qf3 46. Qf8+ Kh5 47. Be2 Qxe2 48. g4+ Qxg4# 0-1

[Event "Brighton op"]
[Site "Brighton"]
[Date "2010.11.13"]
[Round "3"]
[White "Kalai, Yalahan Akshaya"]
[Black "Healeas, Simon"]
[Result "0-1"]
[WhiteElo "1226"]
[BlackElo "1806"]
[PlyCount "146"]
[EventDate "2010.11.12"]
[EventType "swiss"]
[EventRounds "5"]
[EventCountry "ENG"]
[SourceTitle "EXT 2011"]
[Source "ChessBase"]
[SourceDate "2010.11.26"]
[SourceVersion "1"]
[SourceVersionDate "2010.11.26"]
[SourceQuality "1"]

1. c4 Nf6 2. Nf3 g6 3. g3 c5 4. Bg2 Bg7 5. 0-0 0-0 6. Nc3 Nc6 7. d3 d6 8. Bd2 a6 9. a3 h6 10. Rb1 Be6 11. Re1 Qd7 12. Qc1 Kh7 13. Na4 Rab8 14. Nc3 b5 15. b3 Rfc8 16. Nd1 b4 17. axb4 cxb4 18. Ne3 d5 19. Rd1 a5 20. Qc2 d4 21. Nf1 Nh5 22. e3 Bf5 23. Bc1 e5 24. exd4 exd4 25. Bb2 Re8 26. Re1 Bf6 27. Rxe8 Rxe8 28. Re1 Rxe1 29. Nxe1 Ne5 30. Nd2 Bh3 31. Nef3 Bxg2 32. Kxg2 Nxf3 33. Nxf3 Qg4 34. Bc1 g5 35. Qa2 Qf5 36. Qe2 Ng7 37. Qe4 Qxe4 38. dxe4 Ne6 39. Kf1 Nc5 40. Nd2 d3 41. f3 Bc3 42. Ke1 Nxb3 43. Kd1 Nc5 44. Nf1 Bd4 45. Be3 Bxe3 46. Nxe3 Kg6 47. Kd2 h5 48. Ng2 Kf6 49. Ne1 Ke5 50. Nxd3+ Kd4 51. Nxc5 Kxc5 52. Kd3 a4 53. f4 gxf4 54. gxf4 a3 55. Kc2 Kxc4 56. e5 Kd5 57. Kb3 Ke6 58. Kxb4 a2 59. Kc5 a1Q 60. h4 Qf1 61. f5+ Qxf5 62. Kc4 Qxe5 63. Kd3 f5 64. Kd2 f4 65. Kd3 f3 66. Kd2 f2 67. Kc2 f1Q 68. Kd2 Qee2+ 69. Kc3 Qc1+ 70. Kd4 Qcd1+ 71. Kc5 Qec2+ 72. Kb4 Qdb1+ 73. Ka3 Qcb3# 0-1